LEADER 02869oas 2201141 a 450 001 9910145717903321 005 20251106213014.0 011 $a1879-2618 035 $a(DE-599)ZDB2209502-0 035 $a(DE-599)2209502-0 035 $a(OCoLC)40742111 035 $a(CONSER) 2003233276 035 $a(CKB)954925622229 035 $a(EXLCZ)99954925622229 100 $a19990205a19989999 sy a 101 0 $aeng 135 $aurmnu|||||||| 181 $ctxt$2rdacontent 182 $cc$2rdamedia 183 $acr$2rdacarrier 200 00$aBiochimica et biophysica acta$iMolecular and cell biology of lipids 210 $a[New York] $cElsevier Science$d1998- 215 $a1 online resource 300 $aRefereed/Peer-reviewed 300 $aTitle from contents page (ScienceDirect, viewed October 23, 2003). 311 08$a1388-1981 517 3 $aMolecular and cell biology of lipids 517 1 $aBBA. 531 1 $aBiochim. biophys. acta, Mol. cell biol. lipids 606 $aLipids$vPeriodicals 606 $aLipids 606 $aLipids$xSynthesis 606 $aLipids$xMetabolism 606 $aLipids 606 $aLipid Metabolism 606 $aLipogene?se 606 $aLipides$xMe?tabolisme 606 $aLipides$vPe?riodiques 606 $aLipides 606 $alipid$2aat 606 $aLipids$xSynthesis$2fast$3(OCoLC)fst00999385 606 $aLipids$xMetabolism$2fast$3(OCoLC)fst00999374 606 $aLipids$2fast$3(OCoLC)fst00999367 608 $aPeriodical. 608 $aperiodicals.$2aat 608 $aPeriodicals.$2fast 608 $aPeriodicals.$2lcgft 608 $aPe?riodiques.$2rvmgf 615 0$aLipids 615 0$aLipids. 615 0$aLipids$xSynthesis. 615 0$aLipids$xMetabolism. 615 2$aLipids. 615 2$aLipid Metabolism. 615 6$aLipogene?se. 615 6$aLipides$xMe?tabolisme. 615 6$aLipides 615 6$aLipides. 615 7$alipid. 615 7$aLipids$xSynthesis. 615 7$aLipids$xMetabolism. 615 7$aLipids. 801 0$bTMC 801 1$bTMC 801 2$bCAS 801 2$bOCLCQ 801 2$bIUL 801 2$bOCLCQ 801 2$bGUA 801 2$bOCLCQ 801 2$bSBH 801 2$bOCLCQ 801 2$bAGL 801 2$bSERSO 801 2$bU9S 801 2$bOCLCQ 801 2$bOCLCO 801 2$bOCLCQ 801 2$bOCLCF 801 2$bOCLCQ 801 2$bBUF 801 2$bFUG 801 2$bVT2 801 2$bBWN 801 2$bCUS 801 2$bOCLCO 801 2$bOCLCQ 801 2$bOCLCO 801 2$bOCLCQ 801 2$bOCL 801 2$bUAB 801 2$bQGK 801 2$bOCLCA 801 2$bOCLCQ 906 $aJOURNAL 912 $a9910145717903321 996 $aBiochimica et biophysica acta$9799257 997 $aUNINA